[Event "Russian Championship B15 1st league 2016"]
[Site "Loo"]
[Date "2016.04.22"]
[Round "3.57"]
[White "Strelkov, Daniil"]
[Black "Volchkov, Ivan"]
[Result "0-1"]
[WhiteElo "1288"]
[BlackElo "1504"]
[PlyCount "54"]
[EventDate "2016.04.20"]

1. e4 c5 2. Nf3 Nc6 3. d4 cxd4 4. Nxd4 g6 5. Nc3 Bg7 6. Be3 Nf6 7. f3 d5 8.
exd5 Nxd5 9. Nxd5 Qxd5 10. Bb5 O-O 11. Nxc6 bxc6 12. Qxd5 cxd5 13. Bc6 Rb8 14.
Bxd5 Rxb2 15. O-O-O Be6 16. Bxe6 fxe6 17. a3 Rc8 18. Rd2 Rcb8 19. c4 Rb1+ 20.
Kc2 Rxh1 21. Bxa7 Rb2+ 22. Kd3 Rxd2+ 23. Kxd2 Rxh2 24. Kd3 Rxg2 25. c5 Ra2 26.
Bb6 Rxa3+ 27. Ke4 Rc3 0-1

[Event "Russian Championship B15 1st league 2016"]
[Site "Loo"]
[Date "2016.04.22"]
[Round "3.58"]
[White "Greshtakyan, Ashot"]
[Black "Nagibin, Danila"]
[Result "1-0"]
[WhiteElo "1489"]
[BlackElo "1274"]
[PlyCount "53"]
[EventDate "2016.04.20"]

1. e4 c6 2. d4 d5 3. Nc3 e6 4. Nf3 Bb4 5. Bd2 Ne7 6. Bd3 c5 7. dxc5 Bxc5 8.
exd5 Nxd5 9. Nxd5 Qxd5 10. O-O Nc6 11. Bc3 f6 12. Qe2 Bd7 13. Rfd1 Qh5 14. Bc4
e5 15. Rxd7 Kxd7 16. Nxe5+ Nxe5 17. Qxh5 g6 18. Qd1+ Ke7 19. Bxe5 fxe5 20. Qd5
Bd6 21. Qf7+ Kd8 22. Be6 Be7 23. Rd1+ Kc7 24. Qxe7+ Kb6 25. Qd6+ Kb5 26. Rd5+
Ka4 27. Qa3# 1-0

[Event "Russian Championship B15 1st league 2016"]
[Site "Loo"]
[Date "2016.04.22"]
[Round "3.59"]
[White "Li, Dmitry"]
[Black "Shilov, Victor"]
[Result "0-1"]
[WhiteElo "1256"]
[BlackElo "1485"]
[PlyCount "132"]
[EventDate "2016.04.20"]

1. e4 e5 2. Nf3 Nc6 3. Bc4 Bc5 4. c3 Nf6 5. d3 d6 6. Bb3 a6 7. Nbd2 O-O 8. Nf1
Be6 9. Bc2 Bb6 10. Ng3 Ne7 11. O-O Ng6 12. h3 h6 13. Kh1 Nf4 14. Nh4 Nxe4 15.
Nxe4 Qxh4 16. Qf3 f5 17. Ng3 Bd5 18. Bb3 Bxb3 19. axb3 c6 20. Ra4 g5 21. Rb4 g4
22. Qd1 gxh3 23. Bxf4 exf4 24. Qh5 Qxh5 25. Nxh5 hxg2+ 26. Kxg2 Bc5 27. Rxb7
Rf7 28. Rxf7 Kxf7 29. Nxf4 Rg8+ 30. Kf3 d5 31. Rh1 Rh8 32. Ra1 Ra8 33. d4 Bd6
34. Nd3 Kf6 35. Nc5 Bxc5 36. dxc5 h5 37. Kf4 h4 38. Rh1 Rh8 39. Ra1 Ra8 40. Ra4
Ra7 41. Rb4 Ke6 42. Rb8 a5 43. Rh8 Rb7 44. Rh6+ Kd7 45. Rh7+ Kc8 46. Rxb7 Kxb7
47. Kf3 Ka6 48. Kg2 Kb5 49. Kh3 Kxc5 50. Kxh4 Kd6 51. f4 c5 52. Kg3 Ke6 53. Kf3
Kf6 54. Ke3 Kg6 55. b4 axb4 56. cxb4 cxb4 57. Kd4 Kh5 58. Kc5 Kg4 59. Kxb4 Kxf4
60. Kc5 Ke4 61. b4 f4 62. b5 f3 63. b6 f2 64. b7 f1=Q 65. b8=Q Qc1+ 66. Kd6
Qf4+ 0-1

[Event "Russian Championship B15 1st league 2016"]
[Site "Loo"]
[Date "2016.04.22"]
[Round "3.60"]
[White "Titovich, Mihail"]
[Black "Enin, Peter"]
[Result "1-0"]
[WhiteElo "1466"]
[BlackElo "1229"]
[PlyCount "79"]
[EventDate "2016.04.20"]

1. d4 d5 2. c4 dxc4 3. Nc3 Bf5 4. Bf4 Nf6 5. e3 Bd3 6. Bxd3 cxd3 7. Qxd3 e6 8.
Qb5+ Nc6 9. Qxb7 Ne7 10. Qxc7 Qxc7 11. Bxc7 Ned5 12. Nxd5 Nxd5 13. Ba5 Bb4+ 14.
Bxb4 Nxb4 15. Kd2 Rc8 16. a3 Nd5 17. Ne2 O-O 18. Rac1 Nb6 19. Rxc8 Rxc8 20. Rc1
Rxc1 21. Nxc1 Kf8 22. b3 Ke7 23. Kd3 Kd6 24. Kc3 Nd5+ 25. Kc4 Kc6 26. Nd3 Nb6+
27. Kb4 Nd5+ 28. Ka5 Nc3 29. Ka6 Nb1 30. a4 Nd2 31. b4 Nc4 32. Ne5+ Nxe5 33.
dxe5 Kc7 34. Kxa7 f5 35. b5 g5 36. b6+ Kc6 37. b7 f4 38. exf4 gxf4 39. b8=Q f3
40. Qd6# 1-0

[Event "Russian Championship B15 2016"]
[Site "Loo"]
[Date "2016.04.22"]
[Round "3.1"]
[White "Sakulo, Denis"]
[Black "Gurvich, Vitaly"]
[Result "1/2-1/2"]
[WhiteElo "2085"]
[BlackElo "2381"]
[PlyCount "95"]
[EventDate "2016.04.20"]

1. Nf3 Nf6 2. c4 g6 3. g3 Bg7 4. Bg2 O-O 5. O-O d6 6. d4 Bg4 7. Nc3 Qc8 8. Bf4
Re8 9. Qc2 Bh3 10. e4 Bxg2 11. Kxg2 e5 12. dxe5 Nh5 13. Be3 dxe5 14. Rad1 Nf4+
15. Bxf4 exf4 16. Nd5 fxg3 17. hxg3 c6 18. Nf4 Nd7 19. c5 Qc7 20. Rh1 Ne5 21.
Nxe5 Rxe5 22. b4 Rae8 23. f3 R5e7 24. Qd3 Qe5 25. a3 a5 26. Qb3 axb4 27. axb4
Qc3 28. Qxc3 Bxc3 29. b5 Ra8 30. bxc6 Ra2+ 31. Kh3 bxc6 32. Rd6 Rc7 33. Nd3 h5
34. Rc1 Bd2 35. Rb1 Be3 36. Re1 Bh6 37. Nb4 Ra5 38. Rxc6 Rxc6 39. Nxc6 Rxc5 40.
Ne7+ Kg7 41. Nd5 Rc2 42. Rf1 Bc1 43. Nb4 Rc4 44. Nd5 Bd2 45. Rd1 Rc2 46. Rf1
Ba5 47. Ra1 Rc5 48. Rd1 1/2-1/2

[Event "Russian Championship B15 2016"]
[Site "Loo"]
[Date "2016.04.22"]
[Round "3.2"]
[White "Lomasov, Semen"]
[Black "Shinkevich, Maksim"]
[Result "1-0"]
[WhiteElo "2326"]
[BlackElo "1997"]
[PlyCount "81"]
[EventDate "2016.04.20"]

1. e4 c5 2. Nf3 Nc6 3. d4 cxd4 4. Nxd4 Nf6 5. Nc3 d6 6. Bc4 e6 7. Be3 Be7 8.
Qe2 O-O 9. O-O-O a6 10. Rhg1 Qc7 11. g4 Nd7 12. g5 Nc5 13. Bb3 Bd7 14. Rg3 Rfc8
15. Kb1 b5 16. Qh5 g6 17. Qh6 Bf8 18. Qh4 Be7 19. Nf5 h5 20. Nxe7+ Nxe7 21. Qf4
Nxb3 22. axb3 e5 23. Qf6 Be6 24. Rd2 b4 25. Na4 Rab8 26. Bb6 Qb7 27. Re3 Rc6
28. Red3 Re8 29. Be3 Qc7 30. f4 d5 31. Bb6 Rxb6 32. Nxb6 dxe4 33. f5 exd3 34.
fxe6 Nc6 35. Nd5 Qb7 36. exf7+ Qxf7 37. Qxc6 dxc2+ 38. Rxc2 Kg7 39. Nf6 Re7 40.
Ka2 a5 41. Nxh5+ 1-0

[Event "Russian Championship B15 2016"]
[Site "Loo"]
[Date "2016.04.22"]
[Round "3.3"]
[White "Yeritsyan, Aram"]
[Black "Sokolov, Nikita Dm"]
[Result "1/2-1/2"]
[WhiteElo "2000"]
[BlackElo "2126"]
[PlyCount "80"]
[EventDate "2016.04.20"]

1. e4 e6 2. d4 d5 3. Nc3 Nf6 4. Bg5 dxe4 5. Nxe4 Be7 6. Bxf6 gxf6 7. Nf3 f5 8.
Nc3 a6 9. Ne5 Nd7 10. Nxd7 Qxd7 11. Qd3 b5 12. Be2 Bb7 13. Bf3 O-O-O 14. O-O-O
c5 15. dxc5 Qxd3 16. Bxb7+ Kxb7 17. Rxd3 Rxd3 18. cxd3 Bxc5 19. f3 Be3+ 20. Kd1
b4 21. Nb1 Rc8 22. Nd2 Bxd2 23. Kxd2 Rc5 24. Rc1 Rxc1 25. Kxc1 Kc6 26. Kd2 Kd5
27. Ke3 e5 28. g4 f4+ 29. Ke2 f6 30. h3 Kd4 31. Kd2 a5 32. b3 h6 33. h4 Kc5 34.
Kd1 Kd5 35. Ke1 Kd4 36. Kd2 Kc5 37. Kd1 Kd6 38. Ke2 Kd5 39. Ke1 Kd4 40. Kd2 Kc5
1/2-1/2

[Event "Russian Championship B15 2016"]
[Site "Loo"]
[Date "2016.04.22"]
[Round "3.4"]
[White "Nuristani, Iman"]
[Black "Pavlov, Danila"]
[Result "1/2-1/2"]
[WhiteElo "1922"]
[BlackElo "2094"]
[PlyCount "93"]
[EventDate "2016.04.20"]

1. d4 Nf6 2. Nf3 g6 3. g3 Bg7 4. Bg2 O-O 5. O-O d6 6. a4 c6 7. a5 Qc7 8. Nbd2
e5 9. dxe5 dxe5 10. e4 Rd8 11. Qe2 c5 12. Nc4 Nc6 13. Bg5 Be6 14. c3 Rd7 15.
Bxf6 Bxf6 16. a6 b5 17. Ne3 c4 18. Rfd1 Rad8 19. Rxd7 Rxd7 20. Rd1 Qd8 21. Rxd7
Qxd7 22. Nd5 Bxd5 23. exd5 Qxd5 24. Nd2 Qd7 25. Qf3 Qxd2 26. Qxc6 Kg7 27. Qxb5
e4 28. Qxc4 e3 29. fxe3 Qxe3+ 30. Kh1 Qc1+ 31. Qf1 Qxb2 32. c4 Qb6 33. Bb7 h5
34. Kg2 h4 35. Qe2 Qd6 36. Qf2 Bd4 37. Qe2 Bb6 38. Bd5 Bd4 39. Bb7 Bc5 40. Bf3
Qd4 41. Qf1 Qf6 42. Qe2 Qa1 43. Bb7 Qd4 44. Bf3 Qf6 45. Bb7 Qd4 46. Bf3 Bb6 47.
Bd5 1/2-1/2

[Event "Russian Championship B15 2016"]
[Site "Loo"]
[Date "2016.04.22"]
[Round "3.5"]
[White "Shubin, Kirill"]
[Black "Isaykin, Artem"]
[Result "1-0"]
[WhiteElo "2399"]
[BlackElo "1924"]
[PlyCount "109"]
[EventDate "2016.04.20"]

1. e4 e6 2. d4 d5 3. Nd2 Nc6 4. Ngf3 Nf6 5. e5 Nd7 6. Be2 f6 7. exf6 Qxf6 8.
Nf1 Bd6 9. Ne3 h6 10. O-O O-O 11. Re1 Bf4 12. c3 Qf7 13. Bb5 Nf6 14. Bxc6 bxc6
15. Nf1 Bd6 16. Ng3 c5 17. Be3 cxd4 18. cxd4 Re8 19. Rc1 Nd7 20. Qe2 Bb7 21.
Nh4 Rac8 22. Qb5 Nb6 23. b3 c6 24. Qe2 Nd7 25. Qg4 Nf6 26. Qg6 Qxg6 27. Nxg6
Kf7 28. Nh4 Nd7 29. f4 c5 30. Nf3 c4 31. bxc4 dxc4 32. Ne5+ Nxe5 33. dxe5 Bb4
34. Re2 a5 35. Rec2 Bd5 36. Bd2 Rc7 37. Bc3 Rb8 38. Ne2 Rcb7 39. Kf2 Bxc3 40.
Nxc3 Rb2 41. g4 Ke7 42. Ke3 Kd7 43. f5 Kc6 44. Ne2 Kc5 45. Nf4 Rxc2 46. Rxc2 a4
47. Nd3+ Kc6 48. Nb2 Rb4 49. f6 gxf6 50. exf6 Kd6 51. Nd1 e5 52. Nc3 Bf7 53.
Ne4+ Ke6 54. Rd2 Rb6 55. Nc5+ 1-0

[Event "Russian Championship B15 2016"]
[Site "Loo"]
[Date "2016.04.22"]
[Round "3.6"]
[White "Kalabukhov, Bogdan"]
[Black "Nesterov, Arseniy"]
[Result "1/2-1/2"]
[WhiteElo "2056"]
[BlackElo "2273"]
[PlyCount "103"]
[EventDate "2016.04.20"]

1. d4 e6 2. e4 d5 3. e5 c5 4. c3 Qb6 5. Nf3 Nc6 6. a3 c4 7. Nbd2 Bd7 8. g3 f6
9. Bg2 fxe5 10. Nxe5 Nxe5 11. dxe5 Bc5 12. O-O Ne7 13. Qe2 O-O 14. Nf3 Be8 15.
Be3 Bh5 16. Bxc5 Qxc5 17. h3 Bxf3 18. Bxf3 Nc6 19. Bg4 Rae8 20. Kg2 b5 21. f4
Qe7 22. Qe3 g6 23. Rad1 Rb8 24. Bf3 Kh8 25. h4 a5 26. h5 g5 27. fxg5 Rf5 28. g6
Rxe5 29. Qh6 Qg7 30. Qxh7+ Qxh7 31. gxh7 Kxh7 32. Rde1 b4 33. axb4 axb4 34. Bg4
bxc3 35. bxc3 Re8 36. Kh3 Kg7 37. Kh4 Rxe1 38. Rxe1 Nd8 39. Bh3 Rf8 40. Re3 Rf6
41. g4 Rf2 42. g5 d4 43. cxd4 Rf4+ 44. Kg3 Rxd4 45. Bxe6 Rd3 46. Rxd3 cxd3 47.
Bb3 d2 48. Kf2 Nf7 49. g6 Ne5 50. Ke2 Nxg6 51. hxg6 Kxg6 52. Kxd2 1/2-1/2

[Event "Russian Championship B15 2016"]
[Site "Loo"]
[Date "2016.04.22"]
[Round "3.7"]
[White "Pesotskiy, Mikhail"]
[Black "Talypov, Ildar"]
[Result "0-1"]
[WhiteElo "2152"]
[BlackElo "1993"]
[PlyCount "96"]
[EventDate "2016.04.20"]

1. d4 d5 2. c4 e6 3. Nc3 Nf6 4. cxd5 exd5 5. Bg5 c6 6. Qc2 Bd6 7. e3 h6 8. Bxf6
Qxf6 9. Nxd5 Qd8 10. Nc3 O-O 11. Nf3 Be6 12. Bd3 f5 13. O-O-O a5 14. d5 cxd5
15. Nd4 Bf7 16. Bxf5 Qe7 17. Kb1 Nc6 18. g4 Qf6 19. h4 Nxd4 20. exd4 Be6 21.
Bxe6+ Qxe6 22. g5 Qf5 23. Qxf5 Rxf5 24. gxh6 gxh6 25. Rde1 Kf7 26. Nb5 Be7 27.
Re5 Rxf2 28. Rxd5 Rg8 29. Nc3 Rgg2 30. Rb5 Bxh4 31. Rxb7+ Kg6 32. Rb6+ Kg7 33.
Nd1 Rd2 34. Ne3 Rg5 35. Rb7+ Kg6 36. Rb6+ Kg7 37. Rd1 Re2 38. Nc4 Rd5 39. Rd6
Rxd6 40. Nxd6 Bg5 41. d5 h5 42. Nf5+ Kg6 43. Nd4 Rf2 44. d6 h4 45. Rd3 a4 46.
d7 Rf1+ 47. Rd1 Rxd1+ 48. Kc2 Rxd4 0-1

[Event "Russian Championship B15 2016"]
[Site "Loo"]
[Date "2016.04.22"]
[Round "3.8"]
[White "Remizov, Yaroslav"]
[Black "Izabakarov, Kamil"]
[Result "0-1"]
[WhiteElo "2124"]
[BlackElo "1813"]
[PlyCount "104"]
[EventDate "2016.04.20"]

1. e4 e6 2. d4 d5 3. Nc3 Nf6 4. e5 Nfd7 5. f4 c5 6. Nf3 Nc6 7. Be3 cxd4 8. Nxd4
Bc5 9. Qd2 O-O 10. O-O-O Nxd4 11. Bxd4 a6 12. Kb1 b5 13. h4 b4 14. Na4 Bxd4 15.
Qxd4 Qa5 16. b3 Bb7 17. h5 Bc6 18. Nb2 Nc5 19. Nd3 Ne4 20. Nxb4 Bb5 21. Bd3
Bxd3 22. cxd3 Ng3 23. Rhe1 Nf5 24. Nc6 Qb5 25. Qa4 Qxa4 26. bxa4 Ng3 27. Re3
Nxh5 28. Rf1 g6 29. g4 Ng7 30. Rh3 h5 31. f5 exf5 32. Ne7+ Kh7 33. gxf5 Rfe8
34. f6 d4 35. Rc1 Ne6 36. Kc2 Rab8 37. Rch1 Kh6 38. Rh4 Rb7 39. Kd1 Rb1+ 40.
Ke2 Rb2+ 41. Kf3 Rd2 42. Ke4 Re2+ 43. Kd5 Rd8+ 44. Kc6 Rxe5 45. Rc1 Kg5 46. Kb7
Kxh4 47. Nc6 Rd7+ 48. Kc8 Rc7+ 49. Kb8 Re2 50. a5 Rb2+ 51. Ka8 Kg3 52. a4 h4
0-1

[Event "Russian Championship B15 2016"]
[Site "Loo"]
[Date "2016.04.22"]
[Round "3.9"]
[White "Murtazin, Ruslan"]
[Black "Kavyev, Ruslan"]
[Result "1/2-1/2"]
[WhiteElo "2012"]
[BlackElo "2058"]
[PlyCount "39"]
[EventDate "2016.04.20"]

1. d4 Nf6 2. Nf3 g6 3. c4 Bg7 4. Nc3 d5 5. Bg5 Ne4 6. Bf4 Nxc3 7. bxc3 dxc4 8.
Qa4+ Nd7 9. Qxc4 c5 10. e3 Qa5 11. Nd2 cxd4 12. cxd4 O-O 13. Qb5 Qc3 14. Rd1 e5
15. dxe5 Nxe5 16. Qb3 Qa5 17. Qb5 Qc3 18. Qb3 Qa5 19. Qb5 Qc3 20. Qb3 1/2-1/2

[Event "Russian Championship B15 2016"]
[Site "Loo"]
[Date "2016.04.22"]
[Round "3.10"]
[White "Ivanov, Daniil"]
[Black "Salemgareev, Tagir"]
[Result "1/2-1/2"]
[WhiteElo "1975"]
[BlackElo "2262"]
[PlyCount "104"]
[EventDate "2016.04.20"]

1. e4 c5 2. Nf3 d6 3. Bb5+ Nd7 4. O-O Ngf6 5. Re1 e5 6. c3 a6 7. Bf1 Be7 8. a4
O-O 9. d4 Qc7 10. Na3 Rb8 11. dxe5 dxe5 12. Qc2 Rd8 13. Bg5 h6 14. Bxf6 Bxf6
15. Nc4 Be7 16. Ne3 Nf6 17. Nc4 Nd7 18. Ne3 Nf6 19. Nc4 b5 20. axb5 axb5 21.
Ncxe5 c4 22. b3 Bd6 23. Nxf7 Qxf7 24. e5 cxb3 25. Qb2 Be7 26. exf6 Bxf6 27. Ne5
Bxe5 28. Rxe5 Be6 29. Rxb5 Rbc8 30. Re1 Re8 31. h3 Ra8 32. Rxe6 Rxe6 33. Qxb3
Re1 34. Rb8+ Rxb8 35. Qxb8+ Kh7 36. Qb5 Qf6 37. Qd3+ Kh8 38. c4 Qe5 39. Qd8+
Kh7 40. Qd3+ Kg8 41. Qd8+ Kf7 42. Qd7+ Kf6 43. Qd8+ Kg6 44. Qd3+ Kf7 45. Qd7+
Kf6 46. Qd8+ Ke6 47. Qe8+ Kd6 48. Qd8+ Kc6 49. Qc8+ Kb6 50. Qd8+ Kc5 51. Qa5+
Kd4 52. Qd2+ Kc5 1/2-1/2

[Event "Russian Championship B15 2016"]
[Site "Loo"]
[Date "2016.04.22"]
[Round "3.11"]
[White "Saratovskiy, Dmitiy"]
[Black "Geshko, Aleksey"]
[Result "0-1"]
[WhiteElo "1938"]
[BlackElo "2179"]
[PlyCount "149"]
[EventDate "2016.04.20"]

1. d4 Nf6 2. c4 e6 3. Nc3 Bb4 4. e3 d5 5. Nge2 dxc4 6. a3 Ba5 7. Qa4+ c6 8.
Qxc4 O-O 9. Nf4 Bc7 10. Bd3 b5 11. Qc5 Bd6 12. Qg5 h6 13. Qh4 Bb7 14. Nh5 Nxh5
15. Qxh5 Nd7 16. Ne4 Be7 17. O-O Qc7 18. b4 a5 19. Bd2 axb4 20. axb4 e5 21. Bc3
Rxa1 22. Rxa1 Rd8 23. dxe5 Nf8 24. Be2 Bc8 25. Rd1 Ng6 26. Rxd8+ Qxd8 27. f4
Qd5 28. Nd2 c5 29. e4 Qa2 30. e6 Bxe6 31. f5 Nf4 32. Qg4 Nxe2+ 33. Qxe2 cxb4
34. fxe6 bxc3 35. exf7+ Qxf7 36. Nf3 b4 37. Qa6 Qb3 38. Qc8+ Bf8 39. Ne1 Qa2
40. Kf1 Qf7+ 41. Ke2 Qh5+ 42. Nf3 Qb5+ 43. Ke3 Qb6+ 44. Ke2 Qg6 45. Qc4+ Kh7
46. Kf1 Qd6 47. Ke2 Qg6 48. g3 Be7 49. Ne5 Qh5+ 50. Nf3 Qg4 51. Kf2 Qd7 52. Ke2
Qa4 53. Ne1 Qd7 54. Nf3 Qd6 55. e5 Qg6 56. Qd3 Qxd3+ 57. Kxd3 Kg6 58. g4 Kf7
59. Nd4 Bc5 60. Nf5 Bg1 61. h4 Bh2 62. e6+ Kxe6 63. Nxg7+ Kf6 64. Nf5 Kg6 65.
Ne7+ Kh7 66. Nd5 Bd6 67. Nf6+ Kg6 68. Ne4 Be5 69. Nc5 Bg3 70. Ne4 Bxh4 71. Kc2
Be1 72. Kd1 Bd2 73. Kc2 Kf7 74. Nc5 Kf6 75. Nd3 0-1

[Event "Russian Championship B15 2016"]
[Site "Loo"]
[Date "2016.04.22"]
[Round "3.12"]
[White "Bazhenov, Aleksandr"]
[Black "Rysakov, Anton"]
[Result "1-0"]
[WhiteElo "2162"]
[BlackElo "1979"]
[PlyCount "157"]
[EventDate "2016.04.20"]

1. e4 c5 2. Nf3 e6 3. d4 cxd4 4. Nxd4 Nc6 5. Nc3 Qc7 6. Be3 a6 7. Qf3 Bb4 8.
Nxc6 Qxc6 9. Bd4 Nf6 10. O-O-O Bxc3 11. Bxc3 Qxe4 12. Qxe4 Nxe4 13. Bxg7 Rg8
14. Bd4 f5 15. f3 Nd6 16. Bb6 Nf7 17. h4 d6 18. Re1 Bd7 19. Bd3 Kf8 20. g4 Ne5
21. Rhf1 Rc8 22. Be2 Kf7 23. b3 Rc6 24. Bd4 Rgc8 25. c3 b5 26. gxf5 exf5 27. f4
Ng6 28. Bf3 R6c7 29. Bd5+ Kf8 30. h5 Ne7 31. Bf3 Bc6 32. Re6 Bxf3 33. Rxf3 Nd5
34. Kd2 b4 35. c4 Nc3 36. Rf6+ Rf7 37. Rxf7+ Kxf7 38. Bxc3 bxc3+ 39. Kxc3 a5
40. Kd4 Ke6 41. Rg3 Rc7 42. h6 Rf7 43. Re3+ Kd7 44. Kd5 Rf6 45. Rh3 Rg6 46. Rh5
Rf6 47. a3 Kc7 48. b4 a4 49. c5 dxc5 50. bxc5 Rf8 51. Rg5 Rd8+ 52. Kc4 Rd1 53.
Rxf5 Ra1 54. Rf7+ Kc6 55. Rf6+ Kc7 56. Kb4 Rb1+ 57. Kxa4 Kd7 58. Rb6 Rf1 59.
Kb5 Rxf4 60. a4 Kc7 61. Ra6 Kb7 62. Re6 Rf7 63. a5 Ka7 64. a6 Rd7 65. Kc6 Rf7
66. Kb5 Rd7 67. Rb6 Rd1 68. Rb7+ Ka8 69. Rxh7 Rb1+ 70. Kc6 Ra1 71. Kd7 Rd1+ 72.
Ke8 Rc1 73. Rc7 Kb8 74. h7 Rh1 75. Re7 Rh6 76. Kd7 Ka7 77. c6 Rh1 78. c7 Rd1+
79. Ke8 1-0

[Event "Russian Championship B15 2016"]
[Site "Loo"]
[Date "2016.04.22"]
[Round "3.13"]
[White "Akhtariev, Andrey"]
[Black "Golikov, Daniil"]
[Result "1/2-1/2"]
[WhiteElo "1927"]
[BlackElo "2152"]
[PlyCount "91"]
[EventDate "2016.04.20"]

1. e4 c5 2. Nf3 e6 3. d4 cxd4 4. Nxd4 a6 5. Be2 Qc7 6. O-O Nf6 7. Nc3 Be7 8. f4
d6 9. Be3 Nbd7 10. Qe1 O-O 11. g4 Nc5 12. Bf3 e5 13. Nf5 Bxf5 14. gxf5 b5 15.
Qg3 Kh8 16. a3 Rab8 17. Kh1 b4 18. axb4 Rxb4 19. fxe5 dxe5 20. Bg5 Rxb2 21. Rg1
Rg8 22. Qh4 Rxc2 23. Nd5 Nxd5 24. exd5 f6 25. Rg3 g6 26. fxg6 Rxg6 27. d6 Qxd6
28. Rh3 Rg7 29. Bh6 Rf7 30. Qh5 Qe6 31. Rg1 Nd3 32. Be3 f5 33. Rhg3 Rc8 34. Rg6
Qb3 35. Rb6 Qc4 36. Rb7 f4 37. Ba7 Rcf8 38. Qh6 Bf6 39. h3 e4 40. Bh5 Be5 41.
Bxf7 Rxf7 42. Rxf7 Qxf7 43. Rb1 Qg6 44. Rb8+ Bxb8 45. Qf8+ Qg8 46. Qf6+ 1/2-1/2

[Event "Russian Championship B15 2016"]
[Site "Loo"]
[Date "2016.04.22"]
[Round "3.14"]
[White "Baranovskiy, Daniil"]
[Black "Shemyakin, Valeriy"]
[Result "0-1"]
[WhiteElo "1899"]
[BlackElo "2077"]
[PlyCount "80"]
[EventDate "2016.04.20"]

1. d4 c5 2. Nf3 cxd4 3. Nxd4 Nf6 4. c3 g6 5. g3 Nc6 6. Bg2 Bg7 7. O-O O-O 8. e3
e5 9. Nxc6 dxc6 10. e4 Bg4 11. Qb3 Qc7 12. Be3 Rfd8 13. f3 Be6 14. Qc2 Bc4 15.
Re1 Nd7 16. Na3 Be6 17. g4 Bf8 18. Qf2 Qa5 19. Nc2 Bc5 20. Bxc5 Qxc5 21. Ne3
Qb6 22. b4 a5 23. a3 Ra7 24. Bf1 Rda8 25. Rad1 axb4 26. Bc4 Bxc4 27. Nxc4 Qxf2+
28. Kxf2 b5 29. Ne3 bxa3 30. Nc2 Nc5 31. Na1 Kf8 32. Ke3 Ke7 33. Kd2 Rd8+ 34.
Kc2 Rxd1 35. Rxd1 Rd7 36. Rxd7+ Kxd7 37. Nb3 Nxb3 38. Kxb3 Kd6 39. Kxa3 Kc5 40.
Kb3 g5 0-1

[Event "Russian Championship B15 2016"]
[Site "Loo"]
[Date "2016.04.22"]
[Round "3.15"]
[White "Shidlovskiy, Artemiy"]
[Black "Zaika, Daniil"]
[Result "0-1"]
[WhiteElo "1879"]
[BlackElo "2077"]
[PlyCount "82"]
[EventDate "2016.04.20"]

1. d4 d5 2. c4 Nc6 3. Nf3 Bg4 4. e3 e5 5. cxd5 Qxd5 6. Nc3 Bb4 7. Be2 exd4 8.
exd4 Bxf3 9. Bxf3 Qc4 10. Bxc6+ Qxc6 11. Qe2+ Ne7 12. O-O O-O-O 13. Be3 Bxc3
14. Rac1 Nd5 15. Bd2 Rhe8 16. Qg4+ Kb8 17. bxc3 Qc4 18. Qxg7 Qxa2 19. Bh6 Qa6
20. c4 Ne7 21. Bf4 Qg6 22. Qe5 Nd5 23. cxd5 Rxe5 24. Bxe5 Rd7 25. Rc3 f6 26.
Bg3 Qf7 27. Rfc1 a6 28. h4 Qxd5 29. Bxc7+ Ka7 30. Bf4 Rg7 31. g3 a5 32. Rc5 Qa2
33. Be3 b6 34. Rb5 Qa3 35. Kh2 Re7 36. d5 Rxe3 37. Rcb1 Re2 38. Rxb6 Qc5 39.
R6b5 Qxf2+ 40. Kh3 Qf5+ 41. g4 Qf3# 0-1

[Event "Russian Championship B15 2016"]
[Site "Loo"]
[Date "2016.04.22"]
[Round "3.16"]
[White "Osipov, Daniil"]
[Black "Zakharov, Nikita"]
[Result "1-0"]
[WhiteElo "2068"]
[BlackElo "1940"]
[PlyCount "74"]
[EventDate "2016.04.20"]

1. e4 d6 2. d4 Nf6 3. Nc3 g6 4. Bg5 Bg7 5. f4 c6 6. Qd2 b5 7. Bd3 Nfd7 8. Nf3
h6 9. Bh4 Nb6 10. O-O-O N8d7 11. e5 dxe5 12. fxe5 g5 13. Bf2 Nf8 14. Be4 Bd7
15. d5 Nxd5 16. Bxd5 cxd5 17. Qxd5 Ne6 18. Nd4 Nf4 19. Qe4 e6 20. Ndxb5 Rc8 21.
Nd6+ Ke7 22. Nxc8+ Qxc8 23. Qb4+ Ke8 24. Qd6 Bc6 25. Bxa7 Bf8 26. Qb8 Qxb8 27.
Bxb8 Bb4 28. Bd6 Bxc3 29. bxc3 Bxg2 30. Rhe1 Kd7 31. Rd4 Rc8 32. Kd2 Bd5 33. a3
f5 34. Rb1 Rc4 35. Rxc4 Bxc4 36. Rb7+ Kc6 37. Rc7+ Kd5 1-0

[Event "Russian Championship B15 2016"]
[Site "Loo"]
[Date "2016.04.22"]
[Round "3.17"]
[White "Mnatsakanian, Arsen"]
[Black "Akochenok, Daniil"]
[Result "1-0"]
[WhiteElo "2037"]
[BlackElo "1934"]
[PlyCount "55"]
[EventDate "2016.04.20"]

1. d4 Nf6 2. g3 c5 3. d5 e6 4. Nc3 a6 5. Bg2 e5 6. d6 Qb6 7. Na4 Qa5+ 8. c3 Nc6
9. Be3 Nd4 10. Kf1 Ne6 11. b4 cxb4 12. Nb6 Rb8 13. cxb4 Qxb4 14. Rc1 Ng4 15.
Nxc8 Nxe3+ 16. fxe3 Kd8 17. Ne7 Bxe7 18. dxe7+ Kxe7 19. Nf3 d6 20. Qd2 Qa3 21.
Bh3 Rbc8 22. Kg2 h6 23. Bxe6 Kxe6 24. Rhd1 Rxc1 25. Rxc1 Rd8 26. e4 d5 27. Rc3
Qb4 28. Rc6+ 1-0

[Event "Russian Championship B15 2016"]
[Site "Loo"]
[Date "2016.04.22"]
[Round "3.18"]
[White "Brin, Ilya"]
[Black "Shirshov, Nikolay"]
[Result "1-0"]
[WhiteElo "1862"]
[BlackElo "2002"]
[PlyCount "57"]
[EventDate "2016.04.20"]

1. d4 Nf6 2. c4 g6 3. Nc3 Bg7 4. e4 d6 5. f4 O-O 6. Nf3 a6 7. Be2 c5 8. d5 b5
9. cxb5 axb5 10. e5 dxe5 11. fxe5 Ng4 12. Bf4 Nd7 13. O-O b4 14. Ne4 Qb6 15.
Kh1 Ngxe5 16. Nxe5 Nxe5 17. Be3 Nd7 18. d6 e6 19. Nxc5 Nxc5 20. Rc1 Ra5 21. Qc2
Ba6 22. Bxa6 Qxa6 23. Bxc5 Rxa2 24. d7 b3 25. Qf2 Rxb2 26. Qxf7+ Rxf7 27. d8=Q+
Bf8 28. Rxf7 Kxf7 29. Qxf8# 1-0

[Event "Russian Championship B15 2016"]
[Site "Loo"]
[Date "2016.04.22"]
[Round "3.19"]
[White "Korolev, Kirill"]
[Black "Bedenko, Nikita"]
[Result "1-0"]
[WhiteElo "1994"]
[BlackElo "1917"]
[PlyCount "119"]
[EventDate "2016.04.20"]

1. f4 Nf6 2. Nf3 g6 3. g3 Bg7 4. Bg2 O-O 5. O-O d6 6. d3 c5 7. e4 Nc6 8. Nc3
Rb8 9. Qe2 b5 10. h3 Nd7 11. Rb1 Nd4 12. Nxd4 cxd4 13. Nd1 Qc7 14. f5 Bb7 15.
Bg5 Rfe8 16. fxg6 fxg6 17. h4 Ne5 18. c3 Nf7 19. Bd2 Qb6 20. Kh1 Rf8 21. cxd4
Bxd4 22. Ne3 Ne5 23. Bh3 Bc8 24. Rxf8+ Kxf8 25. Rf1+ Kg7 26. Bxc8 Rxc8 27. Nd5
Qd8 28. Bg5 Qd7 29. Kg2 Qg4 30. Qd2 Nc6 31. Rf4 Qe6 32. Qe2 Be5 33. Rf2 h6 34.
Bf4 Rf8 35. Bxh6+ Kxh6 36. Rxf8 Nd4 37. Qd2+ Kg7 38. Rf1 Nf5 39. Qg5 Nxg3 40.
Rf3 Nh5 41. Qxe7+ Qxe7 42. Nxe7 Bxb2 43. Nc6 Nf6 44. Nxa7 b4 45. Nc6 Bc3 46.
Rf1 Ng4 47. Rb1 Ne3+ 48. Kf3 Nc2 49. Ke2 Kh6 50. Ne7 Kh5 51. Nd5 Kxh4 52. Nxc3
bxc3 53. Rc1 Nd4+ 54. Ke3 Ne6 55. Rxc3 g5 56. a4 g4 57. a5 Nc5 58. Rxc5 dxc5
59. Kf2 Kh3 60. Kg1 1-0

[Event "Russian Championship B15 2016"]
[Site "Loo"]
[Date "2016.04.22"]
[Round "3.20"]
[White "Babanin, Gleb"]
[Black "Peisakhov, Imanuil"]
[Result "1-0"]
[WhiteElo "1992"]
[BlackElo "1866"]
[PlyCount "83"]
[EventDate "2016.04.20"]

1. e4 e5 2. Nf3 Nf6 3. Nxe5 d6 4. Nf3 Nxe4 5. d4 d5 6. Bd3 Bd6 7. O-O O-O 8.
Re1 Re8 9. c4 c6 10. Qc2 Nf6 11. Rxe8+ Qxe8 12. c5 Bc7 13. h3 h6 14. Nc3 Be6
15. b4 a6 16. Bb2 Nbd7 17. Re1 Nf8 18. Ne5 N6d7 19. f4 Nxe5 20. dxe5 b6 21. Na4
bxc5 22. Nxc5 a5 23. a3 axb4 24. axb4 Bc8 25. Qe2 Bb6 26. Bb1 Ba6 27. Qc2 Bc4
28. Bd4 Qe7 29. f5 f6 30. Qf2 Re8 31. e6 Nh7 32. h4 Bc7 33. Bd3 Bxd3 34. Nxd3
Qd6 35. g3 Qxg3+ 36. Qxg3 Bxg3 37. Bf2 Bxf2+ 38. Kxf2 Nf8 39. Nf4 Re7 40. b5 g6
41. bxc6 gxf5 42. c7 1-0